000 01885cab a2200289 4500
001 ##L132609
008 060222n2006 000 0 eng u
035 _a(Sirsi) u132609
041 0 _aeng
100 1 _aWilliams, Peter J. G.
245 0 4 _aThe tenant's lot is now a happier one
260 _c2006
490 0 _aEstates Gazette
_v(0606) 11 February 2006, 160-162(3)
520 _aConsiders the effect of the Landlord and Tenant Act (Covenants) Act 1995 10 years on. It represented the most significant change in the law governing leases since the Landlord and Tenant Act 1995. Examines the manner in which the 1995 Act has altered the landlord and tenant relationship over the last decade and how the Act has been interpreted by the courts. Discusses why the Act was passed, safeguards for former tenants, the ending of landlords' and tenants' liability, conditions for assignment and Authorised Guarantee Agreement (AGA), and what difference the Act has made. Highlights a grey area that the courts have not yet had an opportunity to consider: the stipulation of a landlord to be released automatically on sale of its interest and whether a guarantee of an AGA is effective.
590 _aIKA280206
650 2 4 _aLANDLORD AND TENANT (COVENANTS) ACT 1995
650 2 4 _aLANDLORD AND TENANT ACT 1954
650 2 4 _aM W KELLOGG LTD V TOBIN
650 2 4 _aCOMMERCIAL UNION LIFE ASSURANCE CO LTD V MOUSTAFA
650 2 4 _aBHP PETROLEUM GREAT BRITAIN LTD V CHESTERFIELD PROPERTIES LTD
650 2 4 _aCHEVERELL ESTATES LTD V HARRIS
650 2 4 _aAVONRIDGE PROPERTY CO LTD V MASHRU
650 2 4 _aWALLIS FASHION GROUP LTD V CGU LIFE ASSURANCE LTD
650 2 4 _aALLIED DUNBAR ASSURANCE PLC V HOMEBASE LTD AND ANOTHER
690 _aPROPERTY-COMMERCIAL PROPERTY-LEASEHOLD COMMERCIAL PROPERTY-COMMERCIAL LANDLORD AND TENANT-COMMERCIAL LANDLORD AND TENANT REFORM
942 _n0
999 _c76526
_d76526